79 cách ứng xử trong cuộc sống hiện đại
Giới thiệu 79 cách ứng xử trong cuộc sống hiện đại
Đã lưu trong:
| Tác giả chính: | |
|---|---|
| Định dạng: | Sách |
| Năm xuất bản: |
H.
Nxb Hà Nội
2003
|
| Chủ đề: | |
| Tags: |
Thêm thẻ
Không có thẻ, Hãy là người đầu tiên gắn thẻ bản ghi này!
|
| LEADER | 00670nam a2200169 4500 | ||
|---|---|---|---|
| 082 | |a 158.1 |b Đ312PH | ||
| 100 | |a Đinh Phu | ||
| 245 | |a 79 cách ứng xử trong cuộc sống hiện đại |c Đinh Phu; Lê Tĩnh biên dịch,... | ||
| 260 | |a H. |b Nxb Hà Nội |c 2003 | ||
| 300 | |a 511tr. |c 21cm. | ||
| 520 | |a Giới thiệu 79 cách ứng xử trong cuộc sống hiện đại | ||
| 653 | |a Kỹ năng sống | ||
| 653 | |a Tâm lý cá nhân | ||
| 653 | |a Bí quyết thành công | ||
| 942 | |2 ddc |c SH | ||
| 999 | |c 13432 |d 13432 | ||
| 952 | |0 0 |1 0 |2 ddc |4 0 |6 158_100000000000000_Đ312PH |7 0 |8 100 |9 109242 |a qbu |b qbu |c D2 |d 2016-12-12 |g 61000 |o 158.1 Đ312PH |p 12224.c1 |r 0000-00-00 |w 2016-12-12 |y SH | ||